[Event "Unterfranken-ch HT 61th"]
[Site "Kitzingen"]
[Date "2010.04.05"]
[Round "1"]
[White "Streng, Marco"]
[Black "Renziehausen, Klaus"]
[Result "0-1"]
[WhiteElo "1540"]
[BlackElo "1597"]
[PlyCount "118"]
[EventDate "2010.04.05"]
[EventType "swiss"]
[EventRounds "9"]
[EventCountry "GER"]
[SourceTitle "EXT 2015"]
[Source "ChessBase"]
[SourceDate "2014.11.20"]
[SourceVersion "1"]
[SourceVersionDate "2014.11.20"]
[SourceQuality "1"]

1. e4 c5 2. d4 cxd4 3. c3 dxc3 4. Nxc3 Nc6 5. Bc4 g6 6. Bg5 Bg7 7. Nf3 d6 8. Qb3 Be6 9. Bxe6 fxe6 10. Qxe6 Qc8 11. Qc4 Ne5 12. Nxe5 Bxe5 13. Qa4+ Qc6 14. Qxc6+ bxc6 15. 0-0 Nf6 16. Rfe1 0-0 17. Rad1 c5 18. Nd5 Nxd5 19. exd5 Rf7 20. Re2 Rb8 21. b3 Rb4 22. g3 Rg4 23. Bh6 Bg7 24. h3 Rb4 25. Bg5 Kf8 26. Rde1 Rb7 27. Re3 Bd4 28. Bh6+ Bg7 29. Bxg7+ Kxg7 30. Re4 Kf8 31. g4 Rb4 32. Rxb4 cxb4 33. Re4 a5 34. Kg2 Ke8 35. Kg3 Kd7 36. f4 Rf6 37. Kh4 e6 38. dxe6+ Rxe6 39. Rxe6 Kxe6 40. Kg5 d5 41. f5+ gxf5 42. gxf5+ Kf7 43. h4 h6+ 44. Kf4 Kf6 45. h5 d4 46. Ke4 d3 47. Kxd3 Kxf5 48. Ke3 Kg5 49. Kf3 Kxh5 50. Kf4 Kh4 51. Kf5 Kg3 52. Kg6 Kf3 53. Kxh6 Ke3 54. Kg5 Kd3 55. Kf6 Kc3 56. Ke6 Kb2 57. Kd6 Kxa2 58. Kc6 Kxb3 59. Kb5 a4 0-1